000 00293nam a2200097Ia 4500
008 241105s9999 xx 000 0 und d
041 _aeng
100 _aNandgude Sayali
_9182580
245 _aFive Star Hotel At Hinjewadi : Living In Area Glorious Past
260 _bFinal Year B. Arch, BNCA
_c2014
999 _c360871
_d360871